000
00262 a2200097 4500
082
_a
301 THI
100
_a
Thio, Alex
245
_a
A Brief Introduction Sociology
_c
Alex Thio
260
_a
Isamabad :
_b
National Book Foundation,
300
_a
xiii, 443p. :
_b
ill ., ;
_c
27 cm
650
_a
sociology
999
_c
236
_d
236